| 000 | 00812nam a2200217 i 4500 | ||
|---|---|---|---|
| 001 | 32822 | ||
| 003 | ES-MaACL | ||
| 005 | 20250815111833.0 | ||
| 007 | t| | ||
| 008 | 030131s1968 sp ||||1| spa d | ||
| 080 | _a543 | ||
| 100 | 1 |
_aBermejo Martínez, Francisco. _928112 |
|
| 245 | 1 | 4 |
_aLos cálculos numéricos en la química analítica / _cFrancisco Bermejo Martínez. |
| 260 |
_aSantiago de Compostela : _bDepartamento de Química Analítica, Facultad de Ciencias, Universidad de Santiago de Compostela, _c1968. |
||
| 300 |
_a3 v. ; _c22 cm. |
||
| 500 | _aFascículos 1-3. | ||
| 650 | 0 | 7 |
_aQuímica analítica _2embne _916630 |
| 710 | 2 |
_aUniversidad de Santiago de Compostela. _bDepartamento de Química Analítica. _9145685 |
|
| 852 |
_aES-MaACL _j2275-F-5-7 _xOlim P-1283 |
||
| 999 |
_c32822 _d32822 |
||